[Event "ROM-ch U10 Girls"]
[Site "Calimanesti"]
[Date "2018.04.01"]
[Round "7"]
[White "Milea, Clara Andreea"]
[Black "Neagoe, Ana Paisia"]
[Result "1/2-1/2"]
[WhiteElo "1001"]
[BlackElo "1098"]
[PlyCount "107"]
[EventDate "2018.03.27"]
[EventType "swiss"]
[EventRounds "9"]
[EventCountry "ROU"]
[SourceTitle "CBM 183 Extra"]
[Source "ChessBase"]
[SourceDate "2018.04.19"]
[SourceVersion "1"]
[SourceVersionDate "2018.04.19"]
[SourceQuality "1"]

1. e4 e5 2. Nf3 Nc6 3. Bc4 Nf6 4. Nc3 Bc5 5. d3 h6 6. Be3 Bb6 7. Qd2 d6 8. h3 Be6 9. Bb3 Qd7 10. Ba4 0-0 11. 0-0-0 a6 12. Bxh6 gxh6 13. Qxh6 Nh7 14. Nd5 Bxd5 15. exd5 Bxf2 16. dxc6 bxc6 17. g4 f6 18. Bb3+ d5 19. Rh2 Bg3 20. Qg6+ Qg7 21. Qxg7+ Kxg7 22. Rg2 Bf4+ 23. Kb1 Ng5 24. Nxg5 Bxg5 25. c4 Rad8 26. c5 Be3 27. a3 Rb8 28. Ka2 Rb5 29. Rg3 Bf4 30. Rg2 Rxc5 31. Rc2 Rxc2 32. Bxc2 Be3 33. Kb3 Rb8+ 34. Ka2 Kh6 35. Rf1 Bf4 36. h4 Rg8 37. Rg1 d4 38. Bb3 Rg7 39. Kb1 f5 40. Be6 Rxg4 41. Rxg4 fxg4 42. Bxg4 Bg3 43. Bf3 Bxh4 44. Bxc6 Kg5 45. Bd5 Kf4 46. Kc2 Ke3 47. Bc4 a5 48. a4 c5 49. b3 e4 50. dxe4 Kxe4 51. Bd3+ Ke3 52. Bc4 Be1 53. Bd3 Bb4 54. Bc4 1/2-1/2

[Event "ROM-ch U10 Girls"]
[Site "Calimanesti"]
[Date "2018.03.29"]
[Round "3"]
[White "Milea, Clara Andreea"]
[Black "Moraru, Ana Alina"]
[Result "1-0"]
[WhiteElo "1001"]
[BlackElo "1101"]
[PlyCount "85"]
[EventDate "2018.03.27"]
[EventType "swiss"]
[EventRounds "9"]
[EventCountry "ROU"]
[SourceTitle "CBM 183 Extra"]
[Source "ChessBase"]
[SourceDate "2018.04.19"]
[SourceVersion "1"]
[SourceVersionDate "2018.04.19"]
[SourceQuality "1"]

1. e4 c5 2. Nc3 e6 3. f4 d6 4. Nf3 Nf6 5. Bc4 Be7 6. 0-0 0-0 7. d3 a6 8. Qe1 b5 9. Bb3 Bb7 10. Qg3 Nbd7 11. f5 Qb6 12. Kh1 d5 13. a3 Rfd8 14. Bh6 Bf8 15. e5 Ne8 16. f6 g6 17. Qg5 c4 18. Ba2 d4 19. Bxf8 Nxf8 20. Ne2 Bxf3 21. Rxf3 Rd5 22. Ng3 Nd7 23. Re1 Qc7 24. dxc4 bxc4 25. h3 Nxe5 26. Rf4 Nf3 27. Qh6 Nxe1 28. Rh4 Nxf6 29. Ne4 Nh5 30. Ng5 f6 31. Ne4 Rf5 32. Kg1 d3 33. cxd3 cxd3 34. Bxe6+ Qf7 35. Bxf7+ Kxf7 36. Nd6+ Ke6 37. Nxf5 Rd8 38. Qe3+ Kd7 39. Qxe1 Kc8 40. Ne7+ Kc7 41. Qc3+ Kb6 42. Qc6+ Ka5 43. Ra4# 1-0